On This Day: January 3rd Quiz Stats

 Plays Quiz Updated Jan 3, 2018

Score 0/7 Timer 03:00
1 Play Today
Question Answer Wrong Answers
This English writer and poet, known for his fantasy novels like ‘The Hobbit’, is born.
1892
J.R.R. Tolkien
94.4%
C. S. Lewis
2.5%
H. P. Lovecraft
0.5%
T. S. Eliot
1.6%
This territory, which was purchased from Russia in 1867, is admitted as the 49th US state.
1959
Alaska
93.7%
Hawaii
2.7%
Arizona
1.3%
Oklahoma
0.5%
This now syndicated comic strip, which was written and illustrated by Charles M. Schulz, is published daily for the last time.
2000
Peanuts
91.4%
Garfield
3.7%
Dilbert
1.5%
Doonesbury
1.1%
The March of _____, an organization which today works to improve the health of mothers and babies, is established by President Franklin D. Roosevelt.
1938
Dimes
82.4%
Pennies
9.5%
Nickels
4%
Quarters
2.6%
American General George Washington defeats British General Charles ______ at the Battle of Princeton.
1777
Cornwallis
76.2%
Greene
5.4%
Burgoyne
13.3%
Arnold
5.1%
Joseph Jenkins Roberts, who was born a free man in Norfolk, Virginia, is sworn in as the first president of this African nation.
1848
Liberia
69.2%
Angola
4.6%
Ethiopia
8.7%
Kenya
17%
In Moscow, George Bush and this Russian president sign the second Strategic Arms Reduction Treaty (START).
1993
Boris Yeltsin
51.1%
Mikhail Gorbachev
37.1%
Vladimir Putin
7.3%
Dmitry Medvedev
2.4%

You're not logged in!

Compare scores with friends on all Sporcle quizzes.
OR
Log In

You Might Also Like...

Show Comments

Extras

Top Quizzes Today


Score Distribution

Your Account Isn't Verified!

In order to create a playlist on Sporcle, you need to verify the email address you used during registration. Go to your Sporcle Settings to finish the process.

Report this User

Report this user for behavior that violates our Community Guidelines.

Details: